| 000 | 00943nam a2200313Ia 4500 | ||
|---|---|---|---|
| 008 | 160303s9999 xx 000 0 und d | ||
| 020 | _a971-8686-40-1 | ||
| 050 | _aFIL JQ 1492 | ||
| 050 | _b.C67 2004 c.1 | ||
| 100 | _aCoronel, Sheila S. | ||
| 245 | _aCockfight, horserace, boxing match : | ||
| 245 | _b(why elections are corevered as sport) / | ||
| 245 | _cSheila S. Coronel, Yvonne T. Chua, Isagani De Castro, Jr. | ||
| 260 | _aManila: | ||
| 260 | _bPhilippine Center for Investigative Journalism, | ||
| 260 | _c2004 | ||
| 300 | _a62 pages : | ||
| 300 | _billustrations ; | ||
| 300 | _c23 cm. | ||
| 650 | _aBroadcasting -- | ||
| 650 | _aElections -- | ||
| 650 | _aElections -- | ||
| 650 | _aPolitical campaigns -- | ||
| 650 | _xPhilippines -- History and criticism. | ||
| 650 | _xPhilippines -- Press coverage. | ||
| 650 | _xPhilippines. | ||
| 650 | _xPolitical aspects -- Philippines. | ||
| 942 |
_2lcc _cBK |
||
| 999 |
_c291275 _d291275 |
||